Guess the Bruno Mars Song #5 - Statistics

General Stats
  • This quiz has been taken 111 times
  • The average score is 195 of 313
Answer Stats
% Correct
I
96%
a
93%
you
91%
the
79%
your
78%
me
77%
to
77%
To
77%
he
75%
When
75%
when
75%
be
74%
do
74%
Do
74%
like
69%
on
68%
all
65%
just
65%
my
65%
My
65%
that
65%
That
65%
hear
64%
and
63%
And
63%
but
63%
But
63%
is
63%
it
63%
It
63%
too
63%
was
63%
now
62%
Now
62%
Oh
62%
baby
60%
man
60%
Our
59%
our
59%
have
58%
little
58%
should
58%
Should
58%
talk
58%
flowers
57%
Same
57%
same
57%
want
57%
bit
56%
Cause
56%
cause
56%
for
56%
give
56%
Give
56%
hand
56%
radio
56%
song
56%
sound
56%
Take
56%
with
56%
another
54%
bed
54%
bigger
54%
dance
54%
dancing
54%
every
54%
had
54%
bought
53%
does
53%
held
53%
I’m
53%
name
53%
realize
53%
she’s
53%
young
53%
down
52%
dumb
52%
feels
52%
wanted
52%
breaks
51%
chance
51%
friends
51%
heart
51%
hours
51%
know
51%
party
51%
I’ll
48%
never
48%
ooh
48%
say
48%
about
47%
doesn’t
47%
eyes
47%
has
47%
his
47%
ego
46%
holds
46%
hope
46%
life
46%
out
46%
tear
46%
things
46%
time
46%
done
44%
selfish
44%
ways
44%
buys
43%
good
43%
hands
43%
how
43%
hurts
43%
loved
43%
made
43%
much
43%
apologize
42%
close
42%
late
42%
pride
42%
strong
42%
woman
42%
wrong
42%
first
41%
walk
41%
clean
40%
mess
40%
needs
40%
sounds
40%
try
40%
mistakes
38%
remember
38%
get
37%
Although
36%
probably
36%
haunts
32%
Hmmm
20%
No matching quizzes found
Score Distribution
Percent of People with Each Score
Percentile by Number Answered
Your Score History
You have not taken this quiz